UK occupier satisfaction index 2009 (Record no. 109696)

MARC details
000 -LEADER
fixed length control field 01393cad a22002535a 4500
001 - CONTROL NUMBER
control field L147708
008 - FIXED-LENGTH DATA ELEMENTS--GENERAL INFORMATION
fixed length control field 090608s2009 xxkd f s 000 0 eng d
035 ## - SYSTEM CONTROL NUMBER
System control number (Sirsi) u147708
041 0# - LANGUAGE CODE
Language code of text/sound track or separate title eng
050 04 - LIBRARY OF CONGRESS CALL NUMBER
Classification number 346.4104343 $2 18
110 2# - MAIN ENTRY--CORPORATE NAME
Corporate name or jurisdiction name as entry element Property Industry Alliance
9 (RLIN) 5725
245 00 - TITLE STATEMENT
Title UK occupier satisfaction index 2009
Medium [electronic resource]
260 ## - PUBLICATION, DISTRIBUTION, ETC.
Place of publication, distribution, etc. Coventry
-- ICS
Date of publication, distribution, etc. 2009
490 #0 - SERIES STATEMENT
Series statement UK Occupier Satisfaction Index
Volume/sequential designation 2009
520 ## - SUMMARY, ETC.
Summary, etc. An annual index and opinion survey to measure satisfaction amongst customers of the UK commercial property industry. Considers satisfaction with key elements such as: property supply; lease terms; business relationships; progress with environmental issues; value for money. Finds that the UK Occupier Satisfaction Index 2009 remains at 57%, at the same level as in 2008. Suggests that 43% of occupiers surveyed were satisfied with the increased availability of commercial property, while 50% were dissatisfied with the value for money of service charges.
521 ## - TARGET AUDIENCE NOTE
Target audience note Advanced
590 ## - LOCAL NOTE (RLIN)
Local note KA NTK
650 24 - SUBJECT ADDED ENTRY--TOPICAL TERM
Topical term or geographic name entry element UK OCCUPIER SATISFACTION INDEX
651 #4 - SUBJECT ADDED ENTRY--GEOGRAPHIC NAME
Geographic name United Kingdom
Chronological subdivision
690 ## - LOCAL SUBJECT ADDED ENTRY--TOPICAL TERM (OCLC, RLIN)
Topical term or geographic name as entry element PROPERTY-COMMERCIAL PROPERTY-COMMERCIAL LANDLORD AND TENANT
710 1# - ADDED ENTRY--CORPORATE NAME
Corporate name or jurisdiction name as entry element Corenet Global
9 (RLIN) 4279
856 40 - ELECTRONIC LOCATION AND ACCESS
Uniform Resource Identifier <a href="https://www.rics.org/RICSWEB/getpage.aspx?p=fvcBFIqk60SLdaptOEzi0g">https://www.rics.org/RICSWEB/getpage.aspx?p=fvcBFIqk60SLdaptOEzi0g</a>
Hours access method available View the report free of charge at www.rics.org...
942 ## - ADDED ENTRY ELEMENTS (KOHA)
Suppress in OPAC 0
Holdings
Withdrawn status Lost status Source of classification or shelving scheme Damaged status Not for loan Home library Current library Shelving location Date acquired Total Checkouts Full call number Barcode Date last seen Copy number Price effective from Koha item type
    Dewey Decimal Classification     Virtual Virtual Online 08/06/2009   ONLINE PUBLICATION 147708-2001 06/08/2019 1 06/08/2019 Book